000 00440nam a22001457a 4500
020 _a81-7826-339-4
082 _a823
_bDIC/B
245 _aBEST GHOST STORIES-I
_bSTORIES
246 _aBEST GHOST STORIES-I
_bSTORIES
250 _a2003
260 _aDELHI
_bROHAN BOOK COMPANY
_c2003
300 _a215
520 _aModern illustrated classics are being made handy to the convenience of our young readers to cultivate readig habit.
942 _cBK
999 _c245
_d245